000 00701nam a2200205 i 4500
001 120864
003 ES-MaACL
005 20250912063049.0
007 t|
008 070214s1917 sp r ||||1| spa d
100 1 _aPrat de la Riba, Enric,
_d1870-1917
_993674
245 1 3 _aLa nacionalidad catalana /
_cEnrique Prat de la Riba ; traducción y prólogo de Antonio Royo Villanova.
260 _aValladolid :
_b[s. n.],
_c1917 (
_fImp. Castellana)
300 _aXXXIX, 143 p. ;
_c19 x 12 cm.
650 4 _aNacionalismo-
_xCataluña.
_915442
700 1 _aRoyo Villanova, Antonio,
_d1869-1958
_9100235
852 _aES-MaACL
_jF-3212
852 _aES-MaACL
_jD-3161
999 _c120864
_d120864